Teaching for competence in the delivery of direct services.

Saved in:
Bibliographic Details
Corporate Author: Council on Social Work Education (U.S.)
Format: Book
Language:English
Published: New York : Council on Social Work Education, c1976.
Subjects:
LEADER 00882nam a2200229 i 4500
001 c000325661
003 CARM
005 00000000000000.0
008 761103s1976 nyu b 00000 eng
019 1 |a 747511  |z 23946905  |5 LACONCORD2021 
035 |a (OCoLC)2361533  |5 LACONCORD2021 
050 0 0 |a HV11  |b .T38 
082 0 0 |a 361/.007 
245 0 0 |a Teaching for competence in the delivery of direct services. 
260 |a New York :  |b Council on Social Work Education,  |c c1976. 
300 |a vi, 117 p. ;  |c 23 cm. 
504 |a Includes bibliographical references. 
650 0 |a Social work education. 
710 2 |a Council on Social Work Education (U.S.) 
852 8 |b CARM  |h A1:AL04E0  |i C10337  |p 0443803  |f BK 
999 f f |i 85952a68-c182-5862-abfa-d0ddfe2ac1b2  |s 0705a42d-5c16-5e9c-89fb-dc3535477b5c 
952 f f |p Can circulate  |a CAVAL  |b CAVAL  |c CAVAL  |d CARM 1 Store  |e C10337  |f A1:AL04E0  |h Other scheme  |i book  |m 0443803